Εισαγωγή στην ελληνική συνταγματική ιστορία : σημειώσεις πανεπιστημιακών παραδόσεων, τεύχος Α 1821-1941
Saved in:
| Main Author: | |
|---|---|
| Format: | Book |
| Language: | Greek |
| Published: |
Αθήνα :
Σάκκουλας,
1981.
|
| Subjects: | |
| Tags: |
Add Tag
No Tags, Be the first to tag this record!
|
MARC
| LEADER | 00000cam a2200000 i 4500 | ||
|---|---|---|---|
| 001 | 1/97349 | ||
| 008 | 950215s1981 gr | ||| |||| ||gre|| | ||
| 035 | |l 10010523 | ||
| 040 | |a GR-MY-UA |b gre |e aacr | ||
| 041 | 0 | |a gre | |
| 082 | 7 | |a 342.029 |2 (22) | |
| 100 | 1 | |a Αλιβιζάτος, Νίκος Κ. | |
| 245 | 1 | 0 | |a Εισαγωγή στην ελληνική συνταγματική ιστορία : |b σημειώσεις πανεπιστημιακών παραδόσεων, τεύχος Α 1821-1941 / |c Νίκος Αλιβιζάτος. |
| 260 | |a Αθήνα : |b Σάκκουλας, |c 1981. | ||
| 300 | |a 183 σ. ; |c 24 εκ. | ||
| 650 | 0 | |a Constitutional history |z Greece. | |
| 650 | 0 | 0 | |a Constitutional history |x Study and teaching. |
| 852 | |a INST |b LESVOS |e 19950215 |h 342.029 ΑΛΙ |p 005100002954 |q 005100002954 |t BK |y 0 | ||
| 852 | |a INST |b LESVOS |e 19950215 |h 342.029 ΑΛΙ |p 005100002955 |q 005100002955 |t BK |y 0 | ||
| 970 | |z 1995/02 | ||